00450nam a22001577a 45000050016000000100014000160200023000300350013000530370013000660820011000792450058000902600040001482700066001883000022002547000016002762010072800490.0 aENG-97197 a8178791358c140.00 aEN-80730 bDBAD/PUB a796.33 aFootball rule book /cedited & compiled by Kunal Nagi aNew DelhibSports Publicationc2009 a7/26, Ground Floor, Ansari Road Darya GanjbNew Delhie110002 a80 p.c21 cm.(Hb) aNagi, Kunal